Η εκπαίδευση για το περιβάλλον και την αειφορία ως μέσον ενίσχυσης του οικοτουριστικού πνεύματος στην περιοχή της λίμνης Πλαστήρα : διπλωματική εργασία [μεταπτυχιακή εργασία]
Saved in:
| Main Author: | |
|---|---|
| Corporate Author: | |
| Other Authors: | |
| Format: | Thesis Book |
| Language: | Greek |
| Published: |
2011
|
| Subjects: | |
| Online Access: | http://hdl.handle.net/11610/15948 |
| Tags: |
Add Tag
No Tags, Be the first to tag this record!
|
MARC
| LEADER | 00000cam a2200000 i 4500 | ||
|---|---|---|---|
| 001 | 1/18486 | ||
| 008 | 120320s2011 gre d | ||
| 035 | |l 10112088 | ||
| 040 | |a GR-MY-UA |b gre |e aacr | ||
| 041 | 0 | |a gre | |
| 082 | 0 | |a 338.47 |2 (22) | |
| 100 | 1 | |a Τσιώνου, Εσπώλα. | |
| 245 | 1 | 2 | |a Η εκπαίδευση για το περιβάλλον και την αειφορία ως μέσον ενίσχυσης του οικοτουριστικού πνεύματος στην περιοχή της λίμνης Πλαστήρα : |b διπλωματική εργασία [μεταπτυχιακή εργασία] / |c Τσιώνου Εσπώλα ; επιβλέπουσα: Ράγκου Πολυξένη |
| 260 | |c 2011 | ||
| 300 | |a 118 σ.; |b πιν.; |c 30 εκ. | ||
| 500 | |a Μέλη εξεταστικής επιτροπής: Δημητρίου Αναστασία, Ανδρεαδάκης Νικόλαος | ||
| 502 | |a Διατριβή (μεταπτυχιακή) – Πανεπιστήμιο Αιγαίου, Ρόδος, 2011. | ||
| 504 | |a Βιβλιογραφία: σ. 104-109 | ||
| 650 | 0 | |a Environmental education |z Greece |z Karditsa (Nome) | |
| 650 | 0 | |a Environmental education |x Activity programs |z Greece |z Karditsa (Nome) | |
| 650 | 0 | 0 | |a Environmental sciences |x Study and teaching. |
| 650 | 0 | |a Sustainable development |z Greece |z Karditsa (Nome) | |
| 650 | 0 | 0 | |a Ecotourism |z Greece |z Karditsa (Nome) |
| 650 | 0 | 0 | |a Dissertations, Academic |z Greece. |
| 700 | 0 | |a Ράγκου, Πολυξένη. |4 ths | |
| 710 | 2 | |a Πανεπιστήμιο Αιγαίου |b Σχολή Ανθρωπιστικών Επιστημών |b Τμήμα Επιστημών της Προσχολικής Αγωγής και του Εκπαιδευτικού Σχεδιασμού |b Πρόγραμμα Μεταπτυχιακών Σπουδών Περιβαλλοντική Εκπαίδευση. | |
| 852 | |a INST |b RHODES |c DIATR |e 20120320 |h 338.47 ΤΣΙ |p 005400034198 |q 005400034198 |t MTXE |y 23 | ||
| 852 | |a INST |b RHODES |c DIATR |e 20120320 |h 338.47 ΤΣΙ |p 005400034199 |q 005400034199 |t MTXE |y 23 | ||
| 856 | |u http://hdl.handle.net/11610/15948 | ||
| 901 | |a BIBL4-2012-1 | ||
| 909 | |a Ρ |b 170833 | ||
| 909 | |a Ρ |b 170834 | ||
| 924 | |a ΤΣΙΩΝΟΥ |b ΕΣΠΩΛΑ |y ΡΟΔΟΣ |z 2011 | ||
| 970 | |z 2012/03/20 | ||